Spracovanie meraní Interferometrie z veľmi dlhých základníc (VLBI)
Salvato in:
| Autore principale: | |
|---|---|
| Altri autori: | |
| Natura: | Manoscritto Libro |
| Lingua: | slovacco |
| Pubblicazione: |
2016
|
| Soggetti: | |
| Accesso online: | http://is.stuba.sk/zp/portal_zp.pl?podrobnosti=132246 https://opac.crzp.sk/?fn=detailBiblioForm&sid=A86BEDB9942C84EDD891358BE596 |
| Tags: |
Nessun Tag, puoi essere il primo ad aggiungerne!!
|
MARC
| LEADER | 00000ntm a22000003a 4500 | ||
|---|---|---|---|
| 001 | stuzp57100 | ||
| 003 | SK-STU | ||
| 005 | 20230824134004.2 | ||
| 007 | ta | ||
| 008 | 150427s2015----xo-----f-mn---000-0-slo-d | ||
| 040 | |a STU |b slo | ||
| 041 | 0 | |a slo | |
| 100 | 1 | |a Čička, František |u 010130 |4 aut |U SvF Stavebná fakulta |T SvF Katedra geodetických základov |X 9493 |U V130 |Y 13 |7 A000009493 | |
| 242 | 0 | 1 | |a Processing measurements of Very long baseline interferometry (VLBI) |y eng |
| 245 | 1 | 0 | |a Spracovanie meraní Interferometrie z veľmi dlhých základníc (VLBI) |
| 260 | |c 2016 | ||
| 650 | 4 | |a EOP |2 slo | |
| 650 | 4 | |a Interferometria z veľmi dlhých základníc |2 slo | |
| 650 | 4 | |a časové oneskorenie |2 slo | |
| 650 | 4 | |a Lorentzova transformácia |2 slo | |
| 650 | 4 | |a Vienna VLBI software (VieVS) |2 slo | |
| 650 | 4 | |a Very long baseline interferometry |2 eng | |
| 650 | 4 | |a time delay |2 eng | |
| 650 | 4 | |a Lorentz transformation |2 eng | |
| 650 | 4 | |a Vienna VLBI software |2 eng | |
| 650 | 4 | |a EOP |2 eng | |
| 700 | 1 | |a Husár, Ladislav |u 010130 |k Z1 |4 ths |U SvF Stavebná fakulta |T SvF Katedra geodetických základov |X 898 |U V130 |Y 13 |7 A000000898 | |
| 856 | 4 | |u http://is.stuba.sk/zp/portal_zp.pl?podrobnosti=132246 | |
| 856 | 4 | |u https://opac.crzp.sk/?fn=detailBiblioForm&sid=A86BEDB9942C84EDD891358BE596 | |
| SQL | |a stuzp57100 |b DDP |c SLO |d Spracovanie meraní Interferometrie z veľmi dlhých základníc (VLBI) |e 9493 |f Čička, František |g 010130 |h 898 |i Husár, Ladislav |j 20160616 |k 1205 |l 01 |m http://is.stuba.sk/zp/portal_zp.pl?podrobnosti=132246 |n I-GKK |o 5.1.3. geodézia a kartografia | ||